|
|
|
|
| LEADER |
00000nab a2200000 ar4500 |
| 001 |
vtls008621637 |
| 003 |
SK-MaSNL |
| 005 |
20260305002440.0 |
| 008 |
060209c2001 xo |r|p|||||||000 b|slo |
| 015 |
|
|
|a SNBRA2006/02
|2 snkbucl
|
| 038 |
|
|
|a SNKBUCL
|
| 040 |
|
|
|a SNKBUCL
|b slo
|c SNKBUCL
|e AACR2
|
| 041 |
1 |
|
|a slo
|b eng
|
| 044 |
|
|
|a xo
|c SK
|
| 080 |
|
|
|a 7.025.4
|x (437.6)
|2 2001
|
| 080 |
|
|
|a 719
|x (437.6)
|2 2001
|
| 100 |
1 |
|
|a Plekanec, Vladimír,
|d 1947-
|4 aut
|9 217270
|
| 245 |
1 |
0 |
|a Poznámky k príspevku Z. Bauerovej Do we need change or Quo vadis restoration?
|c Vladimír Plekanec
|
| 300 |
|
|
|b Fotogr.
|
| 500 |
|
|
|a Reakcia na príspevok Z. Bauerovej Do we need change or Quo vadis restoration? publikovaný v Ročenke SNG 2000
|
| 546 |
|
|
|a Res. angl.
|
| 650 |
0 |
7 |
|a reštaurátorstvo
|2 snkbucl
|9 18959
|
| 650 |
0 |
7 |
|a ochrana kultúrneho dedičstva
|2 snkbucl
|9 4196
|
| 650 |
0 |
7 |
|a ochrana pamiatok
|2 snkbucl
|9 29625
|
| 773 |
0 |
|
|t Ročenka Slovenskej národnej galérie v Bratislave
|d Bratislava : Slovenská národná galéria, 2001
|g S. 187-194
|z 8080590648
|
| 852 |
|
|
|a SNK
|b KIS3GCP
|
| 999 |
|
|
|c 3225566
|d 3227496
|